XI Roku 2007 wg Tygodnika "Piłka Nożna" (Europa) - Statystyki

Ogólne statystyki
  • Ten quiz został rozwiązany 119 razy
  • Średni wynik to 8 z 11
Statystyki odpowiedzi
Pozycja Kraj Klub Zawodnik % Poprawnych
BR Hiszpania Real M. Iker Casillas
96%
PP Portugalia Man Utd Cristiano Ronaldo
89%
N Szwecja Inter Zlatan Ibrahimovic
89%
LP Francja Marsylia/Bayern Franck Ribery
86%
ŚP Włochy Milan Andrea Pirlo
80%
ŚO Anglia Man Utd Rio Ferdinand
80%
PO Hiszpania Real M. Sergio Ramos
72%
ŚP Hiszpania Arsenal Cesc Fabregas
66%
N Holandia Real M. Ruud van Nistelrooy
61%
LO Francja Lyon/Barcelona Eric Abidal
56%
ŚO Francja Arsenal William Gallas
23%
Nie znaleziono quizów pasujących do podanych kryteriów
Rozkład punktacji
Procent ludzi z każdym wynikiem
Percentyl według liczby udzielonych odpowiedzi
Twoja historia wyników
Nie rozwiązałeś tego quizu